Statistics for Texas Counties by Borders

Click here to take the quiz!

General Stats

  • This quiz has been taken 282 times
  • The average score is 151 of 254

Answer Stats

County% Correct
Ellis
94%
Johnson
94%
Dallas
93%
Denton
91%
Tarrant
91%
Waller
91%
Fort Bend
90%
Kaufman
89%
Rockwall
89%
Collin
87%
Leon
86%
Hudspeth
85%
Harris
84%
Houston
83%
Washington
83%
Angelina
81%
Fayette
81%
Liberty
81%
Williamson
81%
Brazoria
80%
Chambers
80%
Cherokee
80%
El Paso
80%
Madison
80%
Bastrop
79%
Galveston
79%
Anderson
76%
Burnet
76%
Travis
76%
Austin
75%
Montgomery
75%
Lamb
74%
Wharton
74%
Caldwell
73%
Garza
73%
Hockley
73%
Wise
73%
Crosby
72%
Floyd
72%
Henderson
72%
Archer
71%
Atascosa
71%
Blanco
71%
Hale
71%
Lubbock
71%
Lynn
71%
Medina
71%
Parker
71%
Bandera
70%
Carson
70%
Colorado
70%
Kendall
70%
Lee
70%
Walker
70%
Bexar
69%
Brazos
69%
Burleson
69%
Grimes
69%
Potter
69%
Randall
69%
Terry
69%
Trinity
69%
Wilson
69%
Hardin
68%
Robertson
68%
Armstrong
67%
Bosque
67%
Guadalupe
67%
Jack
67%
Clay
66%
Comal
66%
Hill
66%
Jasper
66%
Jeff Davis
66%
Milam
66%
Pecos
66%
Reeves
66%
Bell
65%
Hays
65%
Baylor
64%
Hunt
64%
Martin
64%
Midland
64%
Moore
64%
Navarro
64%
Reagan
64%
Young
64%
Ector
63%
Gray
63%
Lavaca
63%
Terrell
63%
Coryell
62%
Crockett
62%
Jackson
62%
McLennan
62%
Polk
62%
Rusk
62%
Upton
62%
Ward
62%
Andrews
61%
Calhoun
61%
Callahan
61%
Jefferson
61%
Limestone
61%
Presidio
61%
Eastland
60%
Hartley
60%
Orange
60%
Refugio
60%
San Patricio
60%
Victoria
60%
Brewster
59%
Brown
59%
Deaf Smith
59%
Donley
59%
Falls
59%
Hidalgo
59%
Hutchinson
59%
Oldham
59%
San Augustine
59%
San Saba
59%
Uvalde
59%
Webb
59%
Winkler
59%
Brooks
58%
Freestone
58%
Palo Pinto
58%
Schleicher
58%
Tyler
58%
Coleman
57%
Crane
57%
Haskell
57%
Mills
57%
Morris
57%
Red River
57%
Comanche
56%
Cottle
56%
Erath
56%
Fannin
56%
Gillespie
56%
Gonzales
56%
Grayson
56%
Karnes
56%
Lampasas
56%
La Salle
56%
Live Oak
56%
Nacogdoches
56%
Roberts
56%
Smith
56%
Sutton
56%
Upshur
56%
Van Zandt
56%
Wichita
56%
Dimmit
55%
Edwards
55%
Jim Hogg
55%
McMullen
55%
Runnels
55%
Stonewall
55%
Dickens
54%
Frio
54%
Goliad
54%
Hamilton
54%
King
54%
Knox
54%
Maverick
54%
McCulloch
54%
Montague
54%
Motley
54%
Wilbarger
54%
Willacy
54%
Wood
54%
Castro
53%
Duval
53%
Jim Wells
53%
Menard
53%
Throckmorton
53%
Val Verde
53%
Cooke
52%
Glasscock
52%
Hemphill
52%
Kent
52%
Kerr
52%
Kleberg
52%
Starr
52%
Aransas
51%
Bowie
51%
Dawson
51%
Fisher
51%
Franklin
51%
Kinney
51%
Matagorda
51%
Real
51%
Sterling
51%
Zavala
51%
Culberson
50%
DeWitt
50%
Foard
50%
Kimble
50%
Bee
49%
Briscoe
49%
Cameron
49%
Collingsworth
49%
Hood
49%
Hopkins
49%
Irion
49%
Jones
49%
San Jacinto
49%
Swisher
49%
Tom Green
49%
Delta
48%
Nolan
48%
Taylor
48%
Wheeler
48%
Llano
47%
Shackelford
47%
Zapata
47%
Coke
46%
Gregg
46%
Kenedy
46%
Newton
46%
Nueces
46%
Somervell
46%
Concho
45%
Gaines
45%
Hall
45%
Parmer
45%
Cass
44%
Lamar
44%
Loving
44%
Scurry
43%
Shelby
43%
Howard
42%
Mason
42%
Sherman
42%
Camp
41%
Cochran
41%
Hansford
41%
Harrison
41%
Ochiltree
41%
Stephens
41%
Titus
41%
Dallam
40%
Lipscomb
40%
Marion
40%
Borden
39%
Mitchell
39%
Sabine
39%
Bailey
36%
Childress
36%
Panola
36%
Hardeman
31%
Rains
31%
Yoakum
28%

Score Distribution

Percentile by Number Answered

Percent of People with Each Score

Your Score History

You have not taken this quiz